Electronic Commerce (Record no. 14662)

MARC details
000 -LEADER
fixed length control field 00453nam a22001697a 4500
003 - CONTROL NUMBER IDENTIFIER
control field URS
005 - DATE AND TIME OF LATEST TRANSACTION
control field 20220114171739.0
008 - FIXED-LENGTH DATA ELEMENTS--GENERAL INFORMATION
fixed length control field 170531b xxu||||| |||| 00| 0 eng d
020 ## - INTERNATIONAL STANDARD BOOK NUMBER
International Standard Book Number 9812406530
050 ## - LIBRARY OF CONGRESS CALL NUMBER
Classification number HF5548.32
Item number S361 2001
100 ## - MAIN ENTRY--PERSONAL NAME
Personal name Schneider, Gary P
245 ## - TITLE STATEMENT
Title Electronic Commerce
Statement of responsibility, etc. Gary P. Schneider, James T. Perry
250 ## - EDITION STATEMENT
Edition statement Second edition
260 ## - PUBLICATION, DISTRIBUTION, ETC.
Name of publisher, distributor, etc. Thomson Learning Asia
Date of publication, distribution, etc. 2001
700 ## - ADDED ENTRY--PERSONAL NAME
Personal name Perry, James T.
942 ## - ADDED ENTRY ELEMENTS (KOHA)
Source of classification or shelving scheme Library of Congress Classification
Koha item type Foreign Books
Holdings
Withdrawn status Source of classification or shelving scheme Damaged status Not for loan Collection code Home library Current library Shelving location Date acquired Total Checkouts Full call number Barcode Date last seen Price effective from Koha item type
  Library of Congress Classification     Non-fiction Binangonan College Library Binangonan College Library Foreign Section 06/07/2023   HF5548.32 S361 2001 URSBIN-01348 07/19/2017 05/31/2017 Foreign Books

University of Rizal System
Email us at univlibservices@urs.edu.ph

Visit our Website www.urs.edu.ph/library